| 000 | 00986nam a2200265Ia 4500 | ||
|---|---|---|---|
| 003 | OSt | ||
| 005 | 20221005103925.0 | ||
| 006 | a|||||r|||| 00| 0 | ||
| 007 | ta | ||
| 008 | 221004b |||||||| |||| 00| 0 hin d | ||
| 020 |
_a9788178440521 (hbk) _c790 |
||
| 024 | _a15510 | ||
| 037 |
_bBL173, 07/01/2015, K. K. Publications _cTextual |
||
| 040 |
_aCRL _cCRL _bhin |
||
| 041 |
_2hin _ahin |
||
| 082 | _aO152,3:g(Y), P9 | ||
| 100 | _aराजेश रानी | ||
| 245 | 0 | _aहिन्दी - उपन्यासों में सामाजिक चेतना | |
| 246 | _aHindī - upanyāsoan mean sāmājik chetanā | ||
| 260 |
_aदिल्ली _bके. के. पब्लिकेशन भारत _c2011 |
||
| 300 |
_a198पृ0 _ccm. |
||
| 650 | _aहिन्दी साहित्य | ||
| 942 |
_hO152,3:g(Y), P9 _cTEXL _2cc |
||
| 999 |
_c1011294 _d1011294 |
||